Statistics for Synonyms

Click here to take the quiz!

General Stats

  • This quiz has been taken 147 times
    (138 since last reset)
  • The average score is 3 of 5

Answer Stats

HintAnswer% Correct
biglarge
76%
weirdstrange
70%
loudnoisy
63%
madcrazy
57%
mysteriouscreepy
11%

Score Distribution

Percentile by Number Answered

Percent of People with Each Score

Your Score History

You have not taken this quiz since the last reset